000 00507nam a2200169Ia 4500
008 230917s9999||||xx |||||||||||||| ||und||
020 _cRS895
040 _e219095
_aMAIN
041 _aEnglish
082 _a362.10954 G155P
100 _aGangadharan, K, ed.
245 0 _aParadigm shift in health and education in India
260 _aNew Delhi
_bSerials Publications
_c2009
300 _aviii, 279 p.
500 _a1639 01/09/2014 IBS88 03/09/2014 Ch. Ranbir Singh Institute of Social and
942 _cBK
999 _c12174
_d12174